<?xml version="1.0" encoding="UTF-8"?>
<collection xmlns="http://www.loc.gov/MARC21/slim">
<record>
  <controlfield tag="001">121508</controlfield>
  <controlfield tag="005">20250930110942.0</controlfield>
  <controlfield tag="008">110211q1741    sp      d     000 0 spa d</controlfield>
  <datafield tag="040" ind1=" " ind2=" ">
    <subfield code="a">UZ.GRL</subfield>
  </datafield>
  <datafield tag="100" ind1="1" ind2=" ">
    <subfield code="9">453787</subfield>
    <subfield code="a">Aramburu de la Cruz, Manuel Vicente.</subfield>
  </datafield>
  <datafield tag="245" ind1="1" ind2="0">
    <subfield code="a">Razon de la Razon al manifiesto q[ue] ha hecho D. Juan Francisco Sobrecasas ...</subfield>
    <subfield code="b">respuesta ...  D. Antonio Rodriguez monje cisterciense dio a la vindicta delas matematicas ... /</subfield>
    <subfield code="c">escriviala (sic) D. Acacio Agapito Benuchelí (alias de D. Manuel Vicente Aramburu de la Cruz) uno de los menores Apasionados del Señor Sobrecasas</subfield>
    <subfield code="h">[Manuscrito] :</subfield>
  </datafield>
  <datafield tag="260" ind1=" " ind2=" ">
    <subfield code="c">1741</subfield>
  </datafield>
  <datafield tag="300" ind1=" " ind2=" ">
    <subfield code="a">[31] h. ;</subfield>
    <subfield code="c">20 cm.</subfield>
  </datafield>
  <datafield tag="336" ind1=" " ind2=" ">
    <subfield code="2">rdacontent</subfield>
    <subfield code="a">Texto (visual)</subfield>
    <subfield code="b">txt</subfield>
  </datafield>
  <datafield tag="337" ind1=" " ind2=" ">
    <subfield code="2">rdamedia</subfield>
    <subfield code="a">sin mediación</subfield>
    <subfield code="b">n</subfield>
  </datafield>
  <datafield tag="338" ind1=" " ind2=" ">
    <subfield code="2">rdacarrier</subfield>
    <subfield code="a">volumen</subfield>
    <subfield code="b">nc</subfield>
  </datafield>
  <datafield tag="500" ind1=" " ind2=" ">
    <subfield code="a">En v. de h. 21 anotación: "Nota. No se imprimió este papel porque no quisieron dar las Licencias con el nombre supuesto. O.S.C.S.R.E. Fin."</subfield>
  </datafield>
  <datafield tag="500" ind1=" " ind2=" ">
    <subfield code="a">Manuel Vicente Aramburu de la Cruz fue catedrático de la Universidad de Zaragoza y decano del Colegio de Abogados.</subfield>
  </datafield>
  <datafield tag="540" ind1=" " ind2=" ">
    <subfield code="9">info:eu-repo/semantics/openAccess</subfield>
    <subfield code="a">by</subfield>
    <subfield code="u">https://creativecommons.org/licenses/by/4.0/deed.es</subfield>
  </datafield>
  <datafield tag="610" ind1="2" ind2="4">
    <subfield code="9">10973</subfield>
    <subfield code="a">Universidad de Zaragoza.</subfield>
    <subfield code="b">Biblioteca General</subfield>
    <subfield code="x">Manuscritos.</subfield>
  </datafield>
  <datafield tag="700" ind1="1" ind2=" ">
    <subfield code="9">547635</subfield>
    <subfield code="a">Benuchelí, Acacio Agapito.</subfield>
  </datafield>
  <datafield tag="787" ind1=" " ind2=" ">
    <subfield code="t">Escusada respuesta a la Justa natural vindicta de las mathematicas.</subfield>
  </datafield>
  <datafield tag="787" ind1=" " ind2=" ">
    <subfield code="t">Manifiesto de los errores que..Fray Antonio Rodríguez ...  dà en solas dos tardes en una Escusada (y aun inutil) respuesta a la Justa natural Vindicta de las Mathematicas.</subfield>
  </datafield>
  <datafield tag="787" ind1=" " ind2=" ">
    <subfield code="t">Justa natural vindicta de las mathematicas contra el P. don Fray Antonio Rodriguez...</subfield>
  </datafield>
  <datafield tag="856" ind1="4" ind2=" ">
    <subfield code="s">10453598</subfield>
    <subfield code="u">http://zaguan.unizar.es/record/121508/files/80_81_4.pdf</subfield>
    <subfield code="y">Texto completo (pdf)</subfield>
  </datafield>
  <datafield tag="856" ind1="4" ind2=" ">
    <subfield code="s">75256</subfield>
    <subfield code="u">http://zaguan.unizar.es/record/121508/files/METS_carga_80_81_4.xml</subfield>
    <subfield code="y">Fichero METS</subfield>
  </datafield>
  <datafield tag="856" ind1="4" ind2=" ">
    <subfield code="s">127880</subfield>
    <subfield code="u">http://zaguan.unizar.es/record/121508/files/80_81_4.jpg?subformat=icon</subfield>
    <subfield code="x">icon</subfield>
    <subfield code="y">Texto completo (pdf)</subfield>
  </datafield>
  <datafield tag="907" ind1=" " ind2=" ">
    <subfield code="a">.b16321431</subfield>
    <subfield code="b">10-10-19</subfield>
    <subfield code="c">22-03-12</subfield>
  </datafield>
  <datafield tag="909" ind1="C" ind2="O">
    <subfield code="o">oai:zaguan.unizar.es:121508</subfield>
    <subfield code="p">fondo-historico</subfield>
    <subfield code="p">driver</subfield>
  </datafield>
  <datafield tag="945" ind1=" " ind2=" ">
    <subfield code="a">80-81_4</subfield>
    <subfield code="g">1</subfield>
    <subfield code="l">100an</subfield>
    <subfield code="n">Encuadernado con otros textos impresos formando un vol. del mismo asunto</subfield>
    <subfield code="o">u</subfield>
    <subfield code="p">0.00</subfield>
    <subfield code="q">-</subfield>
    <subfield code="r">f</subfield>
    <subfield code="s">-</subfield>
    <subfield code="t">20</subfield>
    <subfield code="u">0</subfield>
    <subfield code="v">0</subfield>
    <subfield code="w">0</subfield>
    <subfield code="x">0</subfield>
    <subfield code="y">.i19827325</subfield>
    <subfield code="z">22-03-12</subfield>
  </datafield>
  <datafield tag="999" ind1=" " ind2=" ">
    <subfield code="c">581181</subfield>
    <subfield code="d">581181</subfield>
  </datafield>
  <datafield tag="999" ind1="f" ind2="f">
    <subfield code="i">c35f19d9-7f35-4d49-83b0-d74a96e0b718</subfield>
  </datafield>
  <datafield tag="037" ind1=" " ind2=" ">
    <subfield code="a">80_81_4</subfield>
  </datafield>
  <datafield tag="970" ind1=" " ind2=" ">
    <subfield code="a">80_81_4</subfield>
  </datafield>
  <datafield tag="980" ind1=" " ind2=" ">
    <subfield code="a">FH</subfield>
    <subfield code="b">Manuscritos</subfield>
  </datafield>
  <datafield tag="998" ind1=" " ind2=" ">
    <subfield code="a">100</subfield>
    <subfield code="b">22-03-12</subfield>
    <subfield code="c">m</subfield>
    <subfield code="d">s</subfield>
    <subfield code="e">a</subfield>
    <subfield code="f">spa</subfield>
    <subfield code="g">sp</subfield>
    <subfield code="h">0</subfield>
    <subfield code="i">0</subfield>
  </datafield>
</record>
</collection>